000 00285nam a2200121Ia 4500
008 190216s9999||||xx |||||||||||||| ||und||
100 _aWalter J Moore
245 0 _aPhysical Chemistry
260 _bOrient Longman
_c1972
300 _a977p
650 _aChemistry-Chemistry
942 _cBK
999 _c3293
_d3293